La disputa por el cuerpo de la mujer, la s sexualidad es y la s familia s en Estados Unidos y México /
La intención del presente artículo es iniciar una revisión de la disputa cultural contemporánea por dar sentido a la realidad social entre dos propuestas societales que se expresan tanto en Estados Unidos como en México y que han situado al cuerpo de la mujer, la sexualidad, la pareja y la familia e...
Kaydedildi:
| Yazar: | |
|---|---|
| Materyal Türü: | Metin |
| Konular: | |
| Etiketler: |
Etiketle
Etiket eklenmemiş, İlk siz ekleyin!
|
MARC
| LEADER | 00000 a a2200000 04500 | ||
|---|---|---|---|
| 001 | 8243 | ||
| 003 | |||
| 040 | |||
| 100 | |a Maier, Elizabeth | ||
| 245 | |a La disputa por el cuerpo de la mujer, la s sexualidad es y la s familia s en Estados Unidos y México / |c Elizabeth Maier | ||
| 520 | |a La intención del presente artículo es iniciar una revisión de la disputa cultural contemporánea por dar sentido a la realidad social entre dos propuestas societales que se expresan tanto en Estados Unidos como en México y que han situado al cuerpo de la mujer, la sexualidad, la pareja y la familia en el centro de la contienda. En un primer acercamiento a la problemática, se propone identificar el contexto histórico que definió la fisonomía contemporánea de los agentes confrontados, describir los procesos de consolidación de dichos actores colectivos y la maduración de sus planteamientos en Estados Unidos y México, examinar su lógica articuladora y el avance político de sus propuestas a partir de la despenalización del aborto en México, D.F. en julio de 2007, donde se definieron nítidamente las fronteras imaginarias de feministas, laicas, liberales y progresistas, por un lado, y las neoconservadoras y fundamentalistas religiosas, por el otro. El artículo pretende ejemplificar las diferencias y tensiones entre dichas lecturas sociales en el estira y afloja de la disputa por dar sentido a la realidad social y lograr la hegemonía de la interpretación cultural | ||
| 650 | |a MUJERES | ||
| 650 | |a SEXUALIDAD | ||
| 650 | |a ABORTO | ||
| 650 | |a FEMINISMO | ||
| 650 | |a GRUPOS RELIGIOSOS | ||
| 650 | |a MEXICO | ||
| 650 | |a ESTADOS UNIDOS | ||
| 773 | |g volumen 20, número 40; páginas 7-47 | ||
| 999 | |c 33781 |d 33781 | ||
